| 000 -CABECERA |
| campo de control de longitud fija |
00495nam a22001695i 4500 |
| 001 - NÚMERO DE CONTROL |
| campo de control |
22067891 |
| 005 - FECHA Y HORA DE LA ÚLTIMA TRANSACCIÓN |
| campo de control |
20220425005106.0 |
| 008 - DATOS DE LONGITUD FIJA--INFORMACIÓN GENERAL |
| campo de control de longitud fija |
170823s2017 pe 000 0 spa |
| 040 ## - FUENTE DE LA CATALOGACIÓN |
| Centro/agencia transcriptor |
CAAAP |
| 041 ## - CÓDIGO DE LENGUA |
| Código de lengua del texto/banda sonora o título independiente |
spa |
| 050 ## - SIGNATURA TOPOGRÁFICA DE LA BIBLIOTECA DEL CONGRESO |
| Número de clasificación |
KHQ3305 |
| Número de documento/Ítem |
A68 |
| 245 00 - MENCIÓN DE TÍTULO |
| Título |
Áreas Naturales Protegidas / |
| Mención de responsabilidad, etc. |
Oswaldo Sandoval Aguirre, editor |
| 260 ## - PUBLICACIÓN, DISTRIBUCIÓN, ETC. |
| Lugar de publicación, distribución, etc. |
Lima: |
| Nombre del editor, distribuidor, etc. |
ALI Arte Gráfico, |
| Fecha de publicación, distribución, etc. |
1997 |
| 300 ## - DESCRIPCIÓN FÍSICA |
| Extensión |
113 p.; |
| Dimensiones |
21 cm. |
| 650 #0 - PUNTO DE ACCESO ADICIONAL DE MATERIA--TÉRMINO DE MATERIA |
| 9 (RLIN) |
5334 |
| Término de materia o nombre geográfico como elemento de entrada |
Áreas naturales |
| Subdivisión general |
Derecho y legislación |
| Subdivisión geográfica |
Peru |
| 942 ## - ELEMENTOS PERSONALIZADOS KOHA |
| Fuente del sistema de clasificación o colocación |
|
| Fecha de catalogación |
DD - MM - AA |
| Tipo de ítem Koha |
Libros |